[Event "SV Recklinghausen-Süd 1 - Dortmunder SV"]
[Site "Verbandsliga - Gruppe 2 2018/"]
[Date "2018.11.04"]
[Round "3"]
[White "Herud, Martin"]
[Black "Wittmann, Rainer"]
[Result "0-1"]
[WhiteElo "2400"]
[BlackElo "2400"]
[PlyCount "78"]
[EventDate "2018.??.??"]

1. e4 c5 2. Nf3 e6 3. d4 cxd4 4. Nxd4 Nf6 5. Nc3 Qb6 6. Nb3 Bb4 7. Bd3 Nc6 8.
O-O O-O 9. Bg5 Be7 10. Kh1 d6 11. f4 a6 12. Qe2 Qc7 13. Rae1 Ne8 14. Bxe7 Qxe7
15. e5 g6 16. Rf3 d5 17. f5 exf5 18. Nxd5 Qd8 19. Nf4 Ng7 20. Bc4 Be6 21. Bxe6
Nxe6 22. Nxe6 fxe6 23. Rd3 Qb6 24. Rd6 Rfe8 25. Red1 Qb5 26. Qxb5 axb5 27. a3
Nxe5 28. Re1 Nc4 29. Rdxe6 Rxe6 30. Rxe6 Nxb2 31. Rb6 Nc4 32. Rxb5 Nxa3 33.
Rxb7 Nxc2 34. h3 Rc8 35. Kh2 f4 36. h4 Ne3 37. Nd4 h5 38. Ne6 Ng4+ 39. Kh3 Rc3+
0-1

[Event "SV Recklinghausen-Süd 1 - Dortmunder SV"]
[Site "Verbandsliga - Gruppe 2 2018/"]
[Date "2018.11.04"]
[Round "3"]
[White "Hüttemann, Karl-Heinz"]
[Black "Mecklenburg, Roland"]
[Result "1-0"]
[WhiteElo "2400"]
[BlackElo "2400"]
[PlyCount "38"]
[EventDate "2018.??.??"]

1. c4 e5 2. Nc3 Nc6 3. Nf3 Bb4 4. Qc2 Bxc3 5. Qxc3 d6 6. g3 Nf6 7. d3 h6 8. Bg2
O-O 9. O-O Re8 10. e4 Be6 11. h3 Qd7 12. Kh2 Ne7 13. Ne1 Nh7 14. f4 f6 15. d4
exd4 16. Qxd4 f5 17. exf5 Nxf5 18. Qd3 Qf7 19. b3 Rad8 1-0

[Event "SV Recklinghausen-Süd 1 - Dortmunder SV"]
[Site "Verbandsliga - Gruppe 2 2018/"]
[Date "2018.11.04"]
[Round "3"]
[White "Parado, Dominador"]
[Black "Canzler, Harald"]
[Result "0-1"]
[WhiteElo "2400"]
[BlackElo "2400"]
[PlyCount "50"]
[EventDate "2018.??.??"]

1. Nf3 g6 2. c4 Bg7 3. Nc3 d6 4. d4 Nf6 5. Bg5 O-O 6. Qd2 c5 7. Bh6 cxd4 8.
Nxd4 Bxh6 9. Qxh6 Qb6 10. O-O-O Nc6 11. e3 Bd7 12. f3 Rac8 13. g4 Ne5 14. h4
Nxc4 15. Bxc4 Rxc4 16. h5 Rfc8 17. Nde2 Be6 18. hxg6 fxg6 19. g5 Qxe3+ 20. Kb1
Bf5+ 21. Ka1 Nh5 22. Rde1 Qe5 23. Ng3 Rxc3 24. Ne4 Bxe4 25. fxe4 Rc2 0-1

[Event "SV Recklinghausen-Süd 1 - Dortmunder SV"]
[Site "Verbandsliga - Gruppe 2 2018/"]
[Date "2018.11.04"]
[Round "3"]
[White "Brockmann, Fabian"]
[Black "Stahlhofen, Thomas"]
[Result "1/2-1/2"]
[WhiteElo "2400"]
[BlackElo "2400"]
[PlyCount "130"]
[EventDate "2018.??.??"]

1. e4 c5 2. b3 d6 3. Bb2 Nc6 4. Bb5 Bd7 5. f4 e6 6. Nf3 Nf6 7. d3 Be7 8. O-O
Qb6 9. c4 O-O 10. Bxc6 Bxc6 11. Qe2 Rfe8 12. e5 Nd7 13. exd6 Bxd6 14. Ng5 h6
15. Ne4 Bxe4 16. dxe4 Be7 17. Nc3 Rad8 18. Qg4 Nf6 19. Qe2 Qc6 20. Rfd1 Rxd1+
21. Rxd1 Rd8 22. Rxd8+ Bxd8 23. e5 Nd7 24. Ne4 Bc7 25. Qd3 a6 26. Bc1 Nb8 27.
Be3 b6 28. a4 a5 29. Kf2 Qd7 30. Ke2 Kf8 31. Nc3 Qxd3+ 32. Kxd3 Nc6 33. Ne4 Ke7
34. Kc3 f6 35. exf6+ gxf6 36. Ng3 f5 37. Kd3 Nd4 38. Bxd4 cxd4 39. Ne2 Kf6 40.
g3 h5 41. Kxd4 Bd6 42. Kc3 Bb4+ 43. Kd3 Bd6 44. Ke3 Bc5+ 45. Kf3 Kf7 46. Nc1
Kf6 47. Nd3 Bd6 48. Kg2 Kg7 49. Kf3 Kf6 50. Ke3 Ke7 51. Kd4 Bc7 52. c5 Kd7 53.
cxb6 Bxb6+ 54. Kc4 Bg1 55. Ne5+ Kc7 56. Nf3 Bb6 57. Kb5 Kb7 58. b4 axb4 59. a5
Be3 60. Kxb4 Ka6 61. Ng5 e5 62. Ne6 e4 63. Ng7 Bg1 64. Nxf5 Bxh2 65. Kc4 h4
1/2-1/2

[Event "SV Recklinghausen-Süd 1 - Dortmunder SV"]
[Site "Verbandsliga - Gruppe 2 2018/"]
[Date "2018.11.04"]
[Round "3"]
[White "Becker, Christian"]
[Black "Wolff, Torsten"]
[Result "1/2-1/2"]
[WhiteElo "2400"]
[BlackElo "2400"]
[PlyCount "57"]
[EventDate "2018.??.??"]

1. b3 e5 2. Bb2 Nc6 3. e3 Nf6 4. d3 d5 5. Nf3 Bd6 6. Be2 O-O 7. O-O Qe7 8. Nbd2
Nd8 9. c4 c6 10. Rc1 Re8 11. Re1 h6 12. Bf1 Bg4 13. h3 Bh5 14. cxd5 cxd5 15. e4
d4 16. g4 Bg6 17. Bxd4 Nxg4 18. hxg4 exd4 19. Nxd4 h5 20. Nf5 Bxf5 21. gxf5 Bf4
22. Rc2 Qg5+ 23. Bg2 Nc6 24. Nf3 Qf6 25. Rc4 Rad8 26. Qe2 g5 27. fxg6 fxg6 28.
Rd1 g5 29. Ne1 1/2-1/2

[Event "SG Gladbeck 1 - Bochumer SV 2"]
[Site "Verbandsliga - Gruppe 2 2018/"]
[Date "2018.11.04"]
[Round "3.1"]
[White "Heinbuch, Detlef Ulrich"]
[Black "Mancic, Ivan"]
[Result "1-0"]
[WhiteElo "2226"]
[BlackElo "2179"]
[PlyCount "89"]
[EventDate "2018.??.??"]

1. c4 e5 2. g3 Nf6 3. Bg2 d5 4. cxd5 Nxd5 5. Nc3 Nb6 6. d3 Be7 7. a3 Nc6 8.
Bxc6+ bxc6 9. Nf3 f6 10. Qc2 O-O 11. Be3 Nd5 12. Nd1 Bd7 13. d4 e4 14. Qxe4 Re8
15. Qc2 Bf8 16. Bd2 Bg4 17. Ne3 Nxe3 18. Bxe3 Qd5 19. Rc1 Bxf3 20. exf3 Rxe3+
21. fxe3 Qxf3 22. Kd2 Rb8 23. b4 c5 24. bxc5 Bxc5 25. Qc4+ Kh8 26. Qxc5 h6 27.
Rhe1 Qe4 28. Qc2 Qd5 29. Rb1 Rc8 30. Qb3 Qa5+ 31. Qb4 Qh5 32. Re2 c5 33. Qb5
Qf3 34. Qb7 Qg4 35. Rc1 Rd8 36. Rxc5 Rxd4+ 37. Ke1 Rd8 38. Qc7 Re8 39. Qf4 Qe6
40. Qf5 Qa6 41. Qd7 Rb8 42. Rc7 Qa5+ 43. Kf2 Qg5 44. Rc8+ Kh7 45. Qd3+ 1-0

[Event "SG Gladbeck 1 - Bochumer SV 2"]
[Site "Verbandsliga - Gruppe 2 2018/"]
[Date "2018.11.04"]
[Round "3.2"]
[White "Hassenrueck, Helmut"]
[Black "Kraemer, Matthias"]
[Result "1-0"]
[WhiteElo "2117"]
[BlackElo "2216"]
[PlyCount "57"]
[EventDate "2018.??.??"]

1. d4 Nf6 2. Nf3 e6 3. e3 d5 4. c4 dxc4 5. Bxc4 a6 6. O-O c5 7. dxc5 Bxc5 8.
Qxd8+ Kxd8 9. Ne5 Ke7 10. Be2 Nbd7 11. Nc4 Nb6 12. b4 Nxc4 13. bxc5 Na5 14. Ba3
Rd8 15. Nc3 Ke8 16. Rfd1 Rxd1+ 17. Rxd1 Bd7 18. e4 e5 19. Nd5 Rc8 20. f3 Nc6
21. Nb6 Rd8 22. Nc4 Be6 23. Nd6+ Ke7 24. Nxb7 Rb8 25. Nd6 Bxa2 26. Nf5+ Kf8 27.
Rd6 Rc8 28. Bxa6 Rc7 29. Bb5 1-0

[Event "SG Gladbeck 1 - Bochumer SV 2"]
[Site "Verbandsliga - Gruppe 2 2018/"]
[Date "2018.11.04"]
[Round "3.3"]
[White "Spiess, Timo-Christian"]
[Black "Frohne, Gerd"]
[Result "1/2-1/2"]
[WhiteElo "2047"]
[BlackElo "2041"]
[PlyCount "88"]
[EventDate "2018.??.??"]

1. e4 e6 2. Qe2 Be7 3. Nf3 d5 4. d3 Nf6 5. e5 Nfd7 6. g3 c5 7. Bg2 Nc6 8. h4 b5
9. c3 a5 10. a4 b4 11. c4 Nb6 12. O-O O-O 13. Bf4 Ra7 14. Nbd2 Ba6 15. Rfc1 Rd7
16. Nf1 dxc4 17. dxc4 Nd4 18. Nxd4 Rxd4 19. b3 Qc7 20. Qc2 Bb7 21. Bxb7 Qxb7
22. Be3 Rd7 23. f4 Rfd8 24. Qg2 Qxg2+ 25. Kxg2 Rd3 26. Rab1 f6 27. exf6 gxf6
28. Kf2 Kf7 29. Ke2 Kg6 30. Rd1 Rxd1 31. Rxd1 Rxd1 32. Kxd1 Kf5 33. Nh2 h5 34.
Ke2 Nd7 35. Kf3 e5 36. g4+ hxg4+ 37. Nxg4 e4+ 38. Kg3 Kg6 39. Bf2 Bd6 40. Ne3
f5 41. h5+ Kf6 42. Nd5+ Kg7 43. Ne3 Kf6 44. Nd5+ Kg7 1/2-1/2

[Event "SG Gladbeck 1 - Bochumer SV 2"]
[Site "Verbandsliga - Gruppe 2 2018/"]
[Date "2018.11.04"]
[Round "3.4"]
[White "Berg, Dietmar"]
[Black "Hinkmann, Jens"]
[Result "1/2-1/2"]
[WhiteElo "1965"]
[BlackElo "2009"]
[Annotator "Daniel"]
[PlyCount "61"]
[EventDate "2018.??.??"]

1. d4 d5 2. Nf3 Nc6 3. e3 Bg4 4. Be2 e6 5. Nbd2 Nf6 6. O-O Be7 7. b3 O-O 8. Bb2
Ne4 9. Ne5 Nxe5 10. dxe5 Bxe2 11. Qxe2 Nxd2 12. Qxd2 c6 13. Rfd1 Qb6 14. Qe1
Qb4 15. Bc3 Qe4 16. Rd3 Rfd8 17. Qd2 $11 c5 18. Rd1 b5 19. f3 Qh4 20. g3 Qh5
21. Kg2 Rdc8 22. Ba1 Qg6 23. c4 dxc4 24. bxc4 b4 25. Rd7 Bf8 26. e4 h5 27. Qf4
a5 28. R1d3 a4 29. Qd2 a3 30. Rb7 Qh6 31. Qd1 1/2-1/2

[Event "SG Gladbeck 1 - Bochumer SV 2"]
[Site "Verbandsliga - Gruppe 2 2018/"]
[Date "2018.11.04"]
[Round "3.5"]
[White "Goralski, Christian"]
[Black "Rickert, Stefan"]
[Result "0-1"]
[WhiteElo "1967"]
[BlackElo "1903"]
[Annotator "Daniel"]
[PlyCount "98"]
[EventDate "2018.??.??"]

1. e4 c5 2. c3 d6 3. d4 cxd4 4. cxd4 g6 5. Nf3 Bg7 6. Bc4 Nf6 7. Nc3 O-O 8. e5
dxe5 9. Nxe5 Nc6 10. Nxc6 bxc6 11. O-O Nd5 12. Be3 Rb8 13. Nxd5 cxd5 14. Bb3
Ba6 15. Re1 Rb4 16. a3 Rb7 17. Rc1 e6 18. Rc6 Bb5 19. Rc5 Qb6 20. Bc2 Ra8 21.
Rc3 Bf8 $11 22. Qc1 a5 23. Bb3 Bd7 24. Re2 Bd6 25. Rec2 h5 26. Bg5 Qxd4 27.
Rc8+ Rxc8 28. Rxc8+ Bxc8 29. Qxc8+ Kg7 30. Qxb7 Qxb2 31. Qb5 Qb1+ 32. Qf1 Qxb3
33. Qa1+ e5 34. a4 d4 35. Bd8 Qc3 36. Qxc3 dxc3 37. Bxa5 c2 38. Bd2 Ba3 39. a5
Bb4 40. Bc1 Bxa5 41. Kf1 f5 42. Ke2 e4 43. f3 Kf6 44. Bb2+ Ke6 45. fxe4 fxe4
46. Ke3 Kd5 47. Bc1 Bd8 48. Ke2 Kc4 49. Bb2 Kb3 0-1

[Event "SG Gladbeck 1 - Bochumer SV 2"]
[Site "Verbandsliga - Gruppe 2 2018/"]
[Date "2018.11.04"]
[Round "3.6"]
[White "Kucheyda, Joerg"]
[Black "Peters, Olaf"]
[Result "1/2-1/2"]
[WhiteElo "1945"]
[BlackElo "1904"]
[PlyCount "76"]
[EventDate "2018.??.??"]

1. d4 c5 2. d5 e5 3. g3 d6 4. Bg2 f5 5. Nf3 Be7 6. O-O h6 7. e4 fxe4 8. Nfd2
Nf6 9. Nxe4 O-O 10. Nxf6+ Bxf6 11. Nc3 Bg5 12. Qh5 Bxc1 13. Raxc1 Nd7 14. Ne4
Nf6 15. Qg6 Qe7 16. Rcd1 Bd7 17. f4 Be8 18. Nxf6+ Rxf6 19. Qe4 Bg6 20. f5 Be8
21. g4 Bd7 22. Rd3 b5 23. Rg3 Raf8 24. Rff3 g5 25. Bf1 a5 26. Rg2 R8f7 27. c4
b4 28. Bd3 Rg7 29. Rh3 Be8 30. Re3 Rff7 31. Re1 Qf6 32. h3 Ra7 33. Kf2 a4 34.
Rh1 a3 35. b3 Rh7 36. Ke2 Rag7 37. Kd2 h5 38. Rgh2 h4 1/2-1/2

[Event "SG Gladbeck 1 - Bochumer SV 2"]
[Site "Verbandsliga - Gruppe 2 2018/"]
[Date "2018.11.04"]
[Round "3.7"]
[White "Bautz, Volker"]
[Black "Wenzel, Martin"]
[Result "1/2-1/2"]
[WhiteElo "1834"]
[BlackElo "1943"]
[PlyCount "65"]
[EventDate "2018.??.??"]

1. f4 d6 2. Nf3 g6 3. e3 Bg7 4. Nc3 e5 5. fxe5 dxe5 6. Bc4 Ne7 7. O-O O-O 8.
Ng5 Nf5 9. Nxf7 Rxf7 10. Bxf7+ Kxf7 11. e4 Qd4+ 12. Kh1 Kg8 13. exf5 gxf5 14.
Qh5 Bd7 15. d3 Nc6 16. Bh6 Ne7 17. Bxg7 Kxg7 18. Rf3 Ng6 19. Raf1 f4 20. Re1
Rf8 21. Rff1 Bc6 22. Qe2 Rf5 23. Ne4 Qxb2 24. c3 Qa3 25. Rb1 Qe7 26. Qg4 Rf8
27. Rf3 h6 28. Rff1 Rd8 29. Rbd1 Kh7 30. Kg1 Rg8 31. Qf5 Rf8 32. Qg4 Nh4 33.
Qh5 1/2-1/2

[Event "SG Gladbeck 1 - Bochumer SV 2"]
[Site "Verbandsliga - Gruppe 2 2018/"]
[Date "2018.11.04"]
[Round "3.8"]
[White "Winzbeck, Frank"]
[Black "Abdullayev, Elchin"]
[Result "1-0"]
[WhiteElo "1861"]
[BlackElo "1782"]
[PlyCount "71"]
[EventDate "2018.??.??"]

1. d4 e6 2. c4 Bb4+ 3. Bd2 Bxd2+ 4. Qxd2 f5 5. Nc3 Nf6 6. g3 c6 7. d5 cxd5 8.
cxd5 Qa5 9. Rd1 O-O 10. Bg2 Na6 11. a3 Rb8 12. Nf3 b5 13. Nd4 b4 14. axb4 Nxb4
15. O-O Nfxd5 16. Nxd5 exd5 17. Nc2 Rf6 18. Nxb4 Qxb4 19. Qxd5+ Kf8 20. Rd2 Rb5
21. Qd3 Rc5 22. Rfd1 d6 23. Qf3 Qb6 24. Qf4 Re5 25. Rc1 Bd7 26. Rdc2 h6 27. Rc7
Re7 28. Rb7 Qa5 29. b4 Qa4 30. Qd4 a5 31. Ra1 Qc2 32. bxa5 Qxe2 33. a6 f4 34.
a7 fxg3 35. a8=Q+ Kf7 36. hxg3 1-0

[Event "SV Bönen 1 - SF Buer 1"]
[Site "Verbandsliga - Gruppe 2 2018/"]
[Date "2018.11.04"]
[Round "3.1"]
[White "Renk, Christoph"]
[Black "Schlottmann, Fabian"]
[Result "0-1"]
[WhiteElo "1945"]
[BlackElo "2292"]
[PlyCount "63"]
[EventDate "2018.??.??"]

1. d4 d5 2. c4 e6 3. Nf3 Nf6 4. g3 dxc4 5. Bg2 Bb4+ 6. Bd2 a5 7. Qc2 O-O 8. O-O
Bxd2 9. Nbxd2 b5 10. a4 c6 11. b3 cxb3 12. Nxb3 Ba6 13. Nc5 b4 14. Rfd1 Nd5 15.
Rd2 Nd7 16. Nxd7 Qxd7 17. Ne5 Qd6 18. Qxc6 Rfd8 19. Rc2 f6 20. Bxd5 Qxd5 21. e4
Qd6 22. Qxd6 Rxd6 23. Nc6 Bb7 24. Ne7+ Kf8 25. Rc7 Bxe4 26. Re1 Rxd4 27. f3
Bxf3 28. Kf2 Bg4 29. Nc6 Rd2+ 30. Ke3 Rxh2 31. Nd4 e5 32. Nb5 0-1

[Event "SV Bönen 1 - SF Buer 1"]
[Site "Verbandsliga - Gruppe 2 2018/"]
[Date "2018.11.04"]
[Round "3.2"]
[White "Lenz, Guntram"]
[Black "Schorra, Helmut"]
[Result "1-0"]
[WhiteElo "1941"]
[BlackElo "2045"]
[PlyCount "71"]
[EventDate "2018.??.??"]

1. d4 d5 2. c4 dxc4 3. Nf3 Nf6 4. e3 e6 5. Bxc4 a6 6. O-O b5 7. Bd3 Bb7 8. Qe2
c5 9. dxc5 Nc6 10. Rd1 Qc7 11. a3 Bxc5 12. b4 Be7 13. Bb2 O-O 14. Nbd2 Rac8 15.
Rac1 Rfd8 16. Nb3 Qb6 17. Nc5 Ba8 18. Ne4 Nd5 19. Nfg5 h6 20. Nxf7 Kxf7 21.
Qh5+ Kf8 22. Bxg7+ Kxg7 23. Nc5 Ne5 24. Qxe5+ Bf6 25. Nxe6+ Kf7 26. Nxd8+ Rxd8
27. Qh5+ Ke7 28. Qf5 Rg8 29. Be4 Rg5 30. Qf3 Qe6 31. Rc5 Nxe3 32. Rc7+ Ke8 33.
Bxa8 Rxg2+ 34. Kh1 Qe5 35. Bc6+ Kf8 36. Rd8+ 1-0

[Event "SV Bönen 1 - SF Buer 1"]
[Site "Verbandsliga - Gruppe 2 2018/"]
[Date "2018.11.04"]
[Round "3.3"]
[White "Andersen, Knut"]
[Black "Fuest, Torsten"]
[Result "0-1"]
[WhiteElo "1849"]
[BlackElo "1871"]
[PlyCount "74"]
[EventDate "2018.??.??"]

1. d4 Nf6 2. c4 g6 3. Nc3 Bg7 4. g3 d6 5. Nf3 O-O 6. Bg2 c6 7. O-O Qa5 8. a3
Bg4 9. b4 Qh5 10. Bb2 e5 11. dxe5 dxe5 12. Qc2 Re8 13. Nh4 g5 14. Nf5 Bh3 15.
f3 Bxg2 16. Nxg7 Kxg7 17. Kxg2 Nbd7 18. Rad1 Re6 19. Qf5 Qg6 20. e4 Nb6 21. c5
Nc4 22. Qxg6+ Kxg6 23. Bc1 Re7 24. Rd3 Rd7 25. Rxd7 Nxd7 26. Rd1 Nf8 27. Ne2 a5
28. Rd3 axb4 29. axb4 Ra4 30. Rb3 Ne6 31. Kf2 Ra2 32. Be3 Nxe3 33. Kxe3 Rxe2+
34. Kxe2 Nd4+ 35. Kd3 Nxb3 36. Kc4 Nd4 37. f4 gxf4 0-1

[Event "SV Bönen 1 - SF Buer 1"]
[Site "Verbandsliga - Gruppe 2 2018/"]
[Date "2018.11.04"]
[Round "3.4"]
[White "Merz, Martin"]
[Black "Seppelfricke, Guido"]
[Result "1-0"]
[WhiteElo "2014"]
[BlackElo "1898"]
[PlyCount "61"]
[EventDate "2018.??.??"]

1. d4 d5 2. Nf3 Nf6 3. g3 Bf5 4. Bg2 c6 5. O-O Nbd7 6. Nbd2 h6 7. b3 e6 8. Bb2
Be7 9. Ne5 Nxe5 10. dxe5 Nd7 11. e4 Bg6 12. c4 Nb6 13. f4 Qd7 14. Qe2 Bc5+ 15.
Kh1 h5 16. h4 O-O-O 17. cxd5 exd5 18. Rac1 dxe4 19. Nxe4 Bxe4 20. Qxe4 Be7 21.
a4 Kb8 22. a5 Nd5 23. Rfd1 Qg4 24. Kh2 Bxh4 25. gxh4 Qxh4+ 26. Kg1 Nxf4 27. Rd6
Nxg2 28. Qxg2 Rxd6 29. exd6 Rh6 30. Rf1 Rg6 31. Qxg6 1-0

[Event "SV Bönen 1 - SF Buer 1"]
[Site "Verbandsliga - Gruppe 2 2018/"]
[Date "2018.11.04"]
[Round "3.5"]
[White "Kreitling, Oliver"]
[Black "Helmert, Jochen"]
[Result "1/2-1/2"]
[WhiteElo "1824"]
[BlackElo "1900"]
[PlyCount "60"]
[EventDate "2018.??.??"]

1. d4 Nf6 2. c4 e6 3. Nc3 Bb4 4. Qc2 c5 5. Nf3 Nc6 6. e3 O-O 7. Bd3 d5 8. dxc5
Bxc5 9. a3 dxc4 10. Bxc4 h6 11. b4 Bd6 12. O-O Ne5 13. Nxe5 Bxe5 14. f4 Bxc3
15. Qxc3 Ne4 16. Qe5 Qf6 17. Qxf6 gxf6 18. Rd1 b6 19. Bb2 Bb7 20. Rd4 Rfd8 21.
Rad1 Rxd4 22. Rxd4 Rc8 23. Bd3 f5 24. Rd7 Bd5 25. Rxa7 Nc3 26. h3 Nd1 27. Bd4
Rc1 28. Bf1 b5 29. Kh2 Nxe3 30. Bxb5 Rc2 1/2-1/2

[Event "SV Bönen 1 - SF Buer 1"]
[Site "Verbandsliga - Gruppe 2 2018/"]
[Date "2018.11.04"]
[Round "3.6"]
[White "Schötz, Hans-Joachim"]
[Black "Ebert, Manfred"]
[Result "1-0"]
[WhiteElo "1883"]
[BlackElo "1921"]
[PlyCount "85"]
[EventDate "2018.??.??"]

1. e4 c5 2. Nf3 Nc6 3. d4 cxd4 4. Nxd4 Nf6 5. Nc3 d6 6. f3 e5 7. Nb3 Be6 8. Bg5
Be7 9. Qd2 a6 10. Be3 d5 11. exd5 Nxd5 12. Nxd5 Qxd5 13. Qf2 O-O-O 14. Be2 Nd4
15. O-O Nxe2+ 16. Qxe2 Qc6 17. Rfc1 Qc4 18. Qf2 Rd5 19. Nd2 Qc6 20. c4 Rd3 21.
Nb3 Rhd8 22. Bb6 R8d7 23. h3 Bg5 24. Re1 Bh4 25. Qxh4 Qxb6+ 26. c5 Qc7 27. c6
Qb6+ 28. Kh1 bxc6 29. Rxe5 Rd1+ 30. Re1 Rxa1 31. Rxa1 Kb7 32. Qxh7 g6 33. Re1
a5 34. Qg7 Ka7 35. Rxe6 Rd1+ 36. Kh2 Qg1+ 37. Kg3 Kb6 38. Re4 a4 39. Rb4+ Ka6
40. Rxa4+ Kb5 41. Ra5+ Kb6 42. Re5 Rf1 43. Re2 1-0

[Event "SV Bönen 1 - SF Buer 1"]
[Site "Verbandsliga - Gruppe 2 2018/"]
[Date "2018.11.04"]
[Round "3.7"]
[White "Altieri, Dennis"]
[Black "Mönkemeyer, Maik"]
[Result "1/2-1/2"]
[WhiteElo "1755"]
[BlackElo "1739"]
[PlyCount "86"]
[EventDate "2018.??.??"]

1. f4 d5 2. Nf3 c6 3. e3 Nf6 4. Be2 Bg4 5. d4 Nbd7 6. Nbd2 e6 7. O-O c5 8. c3
cxd4 9. exd4 Bd6 10. Ne5 Bxe2 11. Qxe2 Qb6 12. Kh1 O-O 13. Ndf3 Bxe5 14. fxe5
Ne4 15. Ng5 Nxg5 16. Bxg5 f6 17. exf6 Nxf6 18. Bxf6 Rxf6 19. Rxf6 gxf6 20. Rf1
Rf8 21. Re1 Re8 22. Qh5 Re7 23. Re2 Qa6 24. h3 Qd3 25. Rf2 Kg7 26. Rf4 e5 27.
Rg4+ Kh8 28. Qh6 Rf7 29. Qh5 Re7 30. dxe5 fxe5 31. Qg5 Qf1+ 32. Kh2 Qf8 33. Qe3
b6 34. Qd3 Qf7 35. Rg5 Qf4+ 36. Qg3 Qxg3+ 37. Kxg3 Rg7 38. Kg4 e4 39. Rxg7 Kxg7
40. Kf4 b5 41. a3 Kf6 42. g4 Ke6 43. h4 Kf6 1/2-1/2

[Event "SV Bönen 1 - SF Buer 1"]
[Site "Verbandsliga - Gruppe 2 2018/"]
[Date "2018.11.04"]
[Round "3.8"]
[White "Wegner, Stephan"]
[Black "Uebing, Burkhart"]
[Result "0-1"]
[WhiteElo "1700"]
[BlackElo "1670"]
[PlyCount "100"]
[EventDate "2018.??.??"]

1. e4 c5 2. Nc3 Nc6 3. f4 d6 4. Nf3 g6 5. Bb5 Bg7 6. d3 Bd7 7. O-O e6 8. Bxc6
bxc6 9. e5 Qc7 10. exd6 Qxd6 11. Ne4 Bd4+ 12. Kh1 Qe7 13. c3 f5 14. cxd4 fxe4
15. dxe4 cxd4 16. Qxd4 Nf6 17. f5 c5 18. Qc3 O-O 19. Bg5 Qg7 20. Qc4 gxf5 21.
exf5 Nd5 22. fxe6 Bxe6 23. Rae1 Bf7 24. Qxc5 Rfc8 25. Qf2 Bg6 26. Rc1 h6 27.
Be3 Nxe3 28. Qxe3 Re8 29. Qd4 Rad8 30. Qxg7+ Kxg7 31. Rfe1 Rxe1+ 32. Rxe1 Kf6
33. Kg1 Rc8 34. Kf2 Bd3 35. Rd1 Be4 36. Rd2 Kf5 37. Nd4+ Ke5 38. Nb5 a6 39. Nd6
Rf8+ 40. Ke3 Bd5 41. Rxd5+ Kxd5 42. Nb7 Rb8 43. Na5 Rxb2 44. Kf3 Rxa2 45. Nb7
Rb2 46. Nd8 Rb6 47. Kg4 a5 48. Kh5 a4 49. Nf7 a3 50. Nxh6 a2 0-1

[Event "SF Essen-Katernberg  3 - SF Brackel 3"]
[Site "Verbandsliga - Gruppe 2 2018/"]
[Date "2018.11.04"]
[Round "3.1"]
[White "Stemmler, Fabian"]
[Black "Rosen, Willy"]
[Result "1/2-1/2"]
[WhiteElo "2055"]
[BlackElo "2084"]
[PlyCount "57"]
[EventDate "2018.??.??"]

1. d4 Nf6 2. c4 e6 3. Nf3 Bb4+ 4. Nbd2 O-O 5. g3 d6 6. Bg2 Nc6 7. a3 Bxd2+ 8.
Bxd2 Ne4 9. Bf4 f5 10. Nd2 Qf6 11. Nxe4 fxe4 12. d5 Ne5 13. O-O Nxc4 14. Bxe4
e5 15. Bc1 Bh3 16. Bg2 Bxg2 17. Kxg2 Qg6 18. f3 e4 19. Qd4 Nb6 20. Qxe4 Qxe4
21. fxe4 Rxf1 22. Kxf1 Re8 23. Be3 Nxd5 24. exd5 Rxe3 25. Rc1 Re7 26. e4 Kf7
27. Kf2 Ke8 28. Ke3 Rf7 29. Rc2 1/2-1/2

[Event "SF Essen-Katernberg  3 - SF Brackel 3"]
[Site "Verbandsliga - Gruppe 2 2018/"]
[Date "2018.11.04"]
[Round "3.2"]
[White "Krueger, Erich"]
[Black "Gerlach, Felix"]
[Result "1-0"]
[WhiteElo "1999"]
[BlackElo "2073"]
[PlyCount "117"]
[EventDate "2018.??.??"]

1. d4 Nf6 2. c4 g6 3. Nc3 Bg7 4. e4 d6 5. Be2 O-O 6. Bg5 c5 7. d5 e6 8. Qd2
exd5 9. exd5 Qb6 10. Nf3 Bf5 11. Nh4 Ne4 12. Nxe4 Bxe4 13. f3 h6 14. Bxh6 Bxh6
15. Qxh6 Qxb2 16. O-O Bc2 17. f4 Qg7 18. Qxg7+ Kxg7 19. Rac1 Ba4 20. f5 Nd7 21.
Rf3 Rfe8 22. Bf1 Re4 23. g3 Ne5 24. Ra3 Bd7 25. fxg6 fxg6 26. Ng2 g5 27. Rb1 b6
28. Rxb6 Nf3+ 29. Kf2 Rf8 30. Rxa7 Nd2+ 31. Nf4 Re7 32. Bh3 gxf4 33. Rxd7 Rxd7
34. Bxd7 f3 35. Rb7 Kg6 36. Rb6 Rf6 37. g4 Kg5 38. Rb2 Nxc4 39. Rc2 Ne5 40. Bf5
Kf4 41. a4 Rh6 42. Kg1 Ke3 43. a5 f2+ 44. Rxf2 Nf3+ 45. Kf1 Nd2+ 46. Kg2 Rf6
47. a6 c4 48. a7 Rf8 49. Kg3 Ra8 50. g5 Rxa7 51. g6 Rg7 52. Rxd2 Kxd2 53. Kf4
c3 54. Kg5 Rg8 55. h4 Rf8 56. g7 Rxf5+ 57. Kxf5 c2 58. g8=Q c1=Q 59. Qg5+ 1-0

[Event "SF Essen-Katernberg  3 - SF Brackel 3"]
[Site "Verbandsliga - Gruppe 2 2018/"]
[Date "2018.11.04"]
[Round "3.3"]
[White "Garbuz, Vitaliy"]
[Black "Nautsch, Werner"]
[Result "0-1"]
[WhiteElo "2109"]
[BlackElo "2020"]
[PlyCount "88"]
[EventDate "2018.??.??"]

1. e4 d6 2. d4 g6 3. Nc3 Bg7 4. f4 Nd7 5. Nf3 c5 6. Be3 b6 7. Bc4 Bb7 8. f5
cxd4 9. Bxd4 Ngf6 10. Ng5 O-O 11. Qe2 Nh5 12. Bxg7 Nxg7 13. O-O Ne5 14. fxg6
hxg6 15. Bb3 e6 16. Qe3 Qe7 17. Rad1 Ba6 18. Rfe1 Rac8 19. Qg3 Bc4 20. Qh4 Nh5
21. Bxc4 Rxc4 22. Rf1 f6 23. Nf3 Nxf3+ 24. Rxf3 d5 25. Qg4 Kg7 26. Qh4 Qc5+ 27.
Qf2 Qxf2+ 28. Rxf2 dxe4 29. Rd7+ Rf7 30. Rfd2 f5 31. Rxf7+ Kxf7 32. Rd7+ Kf6
33. Rxa7 Nf4 34. Rd7 Ke5 35. Rb7 Nd5 36. Nxd5 exd5 37. c3 d4 38. cxd4+ Kxd4 39.
Rxb6 e3 40. Rd6+ Ke4 41. Rd1 e2 42. Rb1 Ke3 43. b4 Rd4 44. Rb3+ Rd3 0-1

[Event "SF Essen-Katernberg  3 - SF Brackel 3"]
[Site "Verbandsliga - Gruppe 2 2018/"]
[Date "2018.11.04"]
[Round "3.4"]
[White "Mueller-Clostermann, Bruno"]
[Black "Kracht, Raphael"]
[Result "1/2-1/2"]
[WhiteElo "2044"]
[BlackElo "2022"]
[PlyCount "151"]
[EventDate "2018.??.??"]

1. f4 Nh6 2. Nf3 d5 3. g3 c5 4. Bg2 Nc6 5. d3 g6 6. O-O d4 7. e4 dxe3 8. Bxe3
Bg7 9. c3 Qd6 10. Na3 Bf5 11. Qa4 O-O 12. Nb5 Qxd3 13. Bxc5 a6 14. Nbd4 Nxd4
15. Bxd4 b5 16. Qd1 Bxd4+ 17. Nxd4 Rad8 18. Qxd3 Bxd3 19. Rfe1 e6 20. a4 bxa4
21. Rxa4 Rd6 22. Re3 Bb5 23. Nxb5 axb5 24. Rb4 Rd1+ 25. Bf1 Nf5 26. Rd3 Rxd3
27. Bxd3 Nd6 28. Rd4 Nf5 29. Bxf5 gxf5 30. Rb4 Rb8 31. c4 Kf8 32. Kf2 Ke7 33.
Ke3 Kd6 34. Kd4 f6 35. Rxb5 e5+ 36. fxe5+ fxe5+ 37. Rxe5 Rxb2 38. c5+ Kd7 39.
h4 Rg2 40. Rxf5 Rxg3 41. Rf7+ Ke6 42. Rxh7 Rg4+ 43. Ke3 Kd5 44. Rh5+ Kc6 45.
Kf3 Rc4 46. Kg3 Rc3+ 47. Kg4 Rc4+ 48. Kg5 Rxc5+ 49. Kg6 Rc4 50. Rh7 Kd6 51. Kf5
Rc1 52. Rf7 Rf1+ 53. Kg6 Rg1+ 54. Kh6 Ke6 55. Rf2 Rh1 56. h5 Rg1 57. Kh7 Ke7
58. h6 Rg3 59. Ra2 Kf7 60. Ra7+ Kf8 61. Rg7 Rf3 62. Rg8+ Kf7 63. Rg4 Rf1 64.
Ra4 Rf2 65. Ra7+ Kf8 66. Ra8+ Kf7 67. Kh8 Rf1 68. Kh7 Rf2 69. Ra3 Rf1 70. Kh8
Rf2 71. Rg3 Rf1 72. Rg7+ Kf8 73. Kh7 Rf7 74. Kh8 Rf1 75. Rb7 Rf2 76. Rb8+
1/2-1/2

[Event "SF Essen-Katernberg  3 - SF Brackel 3"]
[Site "Verbandsliga - Gruppe 2 2018/"]
[Date "2018.11.04"]
[Round "3.5"]
[White "Kantor, Nikita"]
[Black "Geerlings, Gerd"]
[Result "1/2-1/2"]
[WhiteElo "1787"]
[BlackElo "2024"]
[PlyCount "69"]
[EventDate "2018.??.??"]

1. d4 Nf6 2. Nc3 d5 3. Bf4 e6 4. Nb5 Na6 5. a3 c6 6. Nc3 Bd6 7. e3 O-O 8. Nf3
Bxf4 9. exf4 Qb6 10. Bd3 c5 11. Bxa6 bxa6 12. O-O Bd7 13. Qd2 Rfc8 14. Rab1
Rab8 15. dxc5 Rxc5 16. Ne5 Be8 17. Rfe1 Rd8 18. Qd3 Qc7 19. Qd4 Nd7 20. Nf3 Rc4
21. Qd3 Nc5 22. Qd1 Rxf4 23. Ne2 Re4 24. Nd2 Rh4 25. Nf3 Rh6 26. Ng3 Ne4 27.
Nf1 f5 28. Qe2 Bb5 29. Qe3 e5 30. Rbd1 d4 31. Qb3+ Bc4 32. Qa4 Re6 33. Ng3 Nxg3
34. hxg3 Qc5 35. Rxe5 1/2-1/2